В сводках не сообщалось... / (Record no. 191305)
[ view plain ]
| 000 -LEADER | |
|---|---|
| fixed length control field | 00718nam a2200193 u 4500 |
| 001 - CONTROL NUMBER | |
| control field | 000514241 |
| 003 - CONTROL NUMBER IDENTIFIER | |
| control field | AM-YeHGA |
| 005 - DATE AND TIME OF LATEST TRANSACTION | |
| control field | 20250617134956.0 |
| 008 - FIXED-LENGTH DATA ELEMENTS--GENERAL INFORMATION | |
| fixed length control field | 061212s1976 ||| r 000 0 rus d |
| 040 ## - CATALOGING SOURCE | |
| Original cataloging agency | AM-YeHGA |
| 041 0# - LANGUAGE CODE | |
| Language code of text/sound track or separate title | rus |
| 090 ## - LOCALLY ASSIGNED LC-TYPE CALL NUMBER (OCLC); LOCAL CALL NUMBER (RLIN) | |
| -- | 192775 |
| 100 1# - MAIN ENTRY--PERSONAL NAME | |
| Personal name | Комаров, Анатолий Михайлович |
| 245 10 - TITLE STATEMENT | |
| Title | В сводках не сообщалось... / |
| Statement of responsibility, etc. | А. Комаров, И. Максимов. |
| 260 ## - PUBLICATION, DISTRIBUTION, ETC. | |
| Place of publication, distribution, etc. | Краснодар : |
| Name of publisher, distributor, etc. | Краснодар. кн. изд-во, |
| Date of publication, distribution, etc. | 1976. |
| 300 ## - PHYSICAL DESCRIPTION | |
| Extent | 125 с. |
| 653 0# - INDEX TERM--UNCONTROLLED | |
| Uncontrolled term | Сочинские госпитали в Великой Отечественной войне |
| 700 1# - ADDED ENTRY--PERSONAL NAME | |
| Personal name | Максимов, Илларион Алексеевич |
| Withdrawn status | Lost status | Damaged status | Not for loan | Collection | Home library | Current library | Date acquired | Total checkouts | Full call number | Barcode | Date last seen | Price effective from | Koha item type | Public note |
|---|---|---|---|---|---|---|---|---|---|---|---|---|---|---|
| General | Fundamental Scientific Library | Fundamental Scientific Library | 28/12/2016 | Р1/39344 | 110039344 | 28/12/2016 | 28/12/2016 | Գրքեր / Books | 30 Days Loan |
ՀՀ Գիտությունների ազգային ակադեմիայի հիմնարար գիտական գրադարան = Fundamental Scientific Library of NAS RA
All site content, except where otherwise noted, is licensed under a